Holiday Quiz

Random Holiday or Christmas Quiz

Pop Culture Christmas Sweaters Quiz Stats

Quiz Updated Dec 24, 2015

Challenge
Share
Tweet
Score 0/20 Timer 08:00
0 Plays Today
% Correct
Super Mario Bros.
96.8%
The Simpsons
96.1%
Spider-Man
96%
Star Wars
92.8%
How the Grinch Stole Christmas
92.5%
Sonic the Hedgehog
92.2%
Teenage Mutant Ninja Turtles
91.6%
Game of Thrones or A Song of Ice and Fire
85.6%
Harry Potter
83.5%
Gremlins
82.9%
% Correct
Transformers
78.8%
Friday the 13th
72.2%
Doctor Who
72.1%
Breaking Bad
70.4%
A Christmas Story
67.7%
Elf
67.6%
Donkey Kong
64.2%
Home Alone
63.8%
The Legend of Zelda
63.2%
Adventure Time
61.7%

You're not logged in!

Compare scores with friends on all Sporcle quizzes.
Sign Up with Email
OR
Log In

You Might Also Like...

Show Comments

Extras

Top Quizzes Today


Score Distribution

Your Account Isn't Verified!

In order to create a playlist on Sporcle, you need to verify the email address you used during registration. Go to your Sporcle Settings to finish the process.